| 000 | 00675nam a22001817a 4500 | ||
|---|---|---|---|
| 003 | AUA.1 | ||
| 005 | 20251105105640.0 | ||
| 008 | 250627b |||||||| |||| 00| 0 eng d | ||
| 040 | _cJTL | ||
| 100 | _aDavidra, Harsha Niaina | ||
| 245 |
_aPremarital education addressing premarital sex in the district of Ambohijafy, Madagascar / _cHarsha Niaina Davidra |
||
| 260 | _cc2023 | ||
| 300 |
_aix, 79 leaves _bIllustrations _c30cm |
||
| 610 |
_aSeventh-day Adventist Church : _bCentral Malagasy Conference _xAmbohijafy District _zMadagascar |
||
| 650 | _aMarriage counseling | ||
| 650 |
_aPremarital sex _914546 |
||
| 942 |
_2lcc _cPROJECT _hMA PTh _i.D38 2023 |
||
| 999 |
_c25093 _d25093 |
||